El libro de Jeremías
Salvato in:
| Autore principale: | |
|---|---|
| Natura: | Libro |
| Lingua: | spagnolo |
| Pubblicazione: |
Pamplona
Verbo Divino
1983
|
| Serie: | Cuadernos Bíblicos, 40
|
| Soggetti: | |
| Tags: |
Aggiungi Tag
Nessun Tag, puoi essere il primo ad aggiungerne!!
|
MARC
| LEADER | 00000nam a2200000 a 4500 | ||
|---|---|---|---|
| 001 | UCL7848 | ||
| 003 | CL-VaPUC | ||
| 008 | 040604e19830000SP |||||||||||||||||spa|d | ||
| 020 | |a 8471513382 | ||
| 082 | 0 | 4 | |a 224.2 |b BRI |2 21 |
| 100 | 0 | |a Briend, Jacques |e author |9 485759 | |
| 245 | 1 | 3 | |a El libro de Jeremías |
| 300 | |a 63 p | ||
| 942 | |c BK | ||
| 945 | |d 20040604 00:00:00 |a cmena | ||
| 260 | |a Pamplona |b Verbo Divino |c 1983 | ||
| 600 | 0 | |a Jeremías |9 453753 | |
| 650 | 0 | |a Textos sagrados |9 257605 | |
| 650 | 0 | |a Antiguo testamento |9 313678 | |
| 650 | 0 | |a Profetas |9 314377 | |
| 583 | |a last modification |c 20130402 08:35:06 |k Rodrigo Vera | ||
| 490 | 0 | |a Cuadernos Bíblicos, 40 | |
| 999 | |c 309406 |d 309404 | ||
| 952 | |0 0 |1 0 |4 0 |6 224_200000000000000_BRI_1983 |7 0 |8 A |9 376843 |a BIBTEO |b BIBTEO |d 2019-11-21 |i 2116901 |l 1 |o 224.2 BRI 1983 |p 2116901 |r 2024-01-18 |s 2022-10-24 |w 2019-11-21 |y BK |k ICR | ||